Colt 40

Đã lưu trong:
Chi tiết về thư mục
Tác giả chính: Colt
Định dạng: Sách
Ngôn ngữ:Tiếng Anh
Được phát hành: Colt Studio Group 2006
Các nhãn: Thêm thẻ
Không có thẻ, Là người đầu tiên thẻ bản ghi này!

MARC

LEADER 00000nam a2200000 4500
005 20240918181113.0
008 240731b |||||||| |||| 00| 0 eng d
020 |a 978-1933842158 
040 |c GP 
100 |a Colt 
245 |a Colt 40 
260 |b Colt Studio Group   |c 2006 
942 |2 ddc  |c BK  |n 0 
952 |0 0  |1 0  |2 ddc  |4 0  |6 306_766770000000000_COL  |7 1  |9 1763  |a RM  |b RM  |d 2024-07-31  |l 0  |o 306.766770 COL  |p 586  |r 2024-07-31 19:20:19  |w 2024-07-31  |y BK 
999 |c 1579  |d 1579